000 00290nam a22001337a 4500
008 170328b xxu||||| |||| 00| 0 eng d
020 _a9780763753368
041 _aeng
080 _a796.3
100 _a8
101 _aSHM
245 _aCONCEPT OF ATHLETIC
_cPFEILLER.P.R
942 _2udc
_cBK
999 _c8821
_d8821